000 00900 a2200205 4500
001 38671
005 20260407155648.0
008 260407a1972 arg spa d
003 AR-UNSa-BCEJYS
040 _aAR-UNSa-BCEJYS
_bspa
_cAR-UNSa-BCEJYS
080 _a519.22
_xTeoría estadística. Modelos estadísticos. Estadística matemática en general
245 1 0 _aEstadística en comercilización - Mercadometría
264 1 _aBuenos Aires :
_bEditorial de la sociedad de administración cientifica
_c1972
300 _a107 p.
_c20 cm.
520 _a1. Introducción - 2. Medidas de posición - 3. Medidas de dispersión - 4. Teoría de la probabilidad - 5. Análisis de regresión y correlación - 6. Análisis de series cronológicas - 8. Tests de significación
505 _a1. Introducción - 2.
942 _cBK
590 _aniveau_biblio:m niveau_hierar:0
100 1 _aLevy, Alberto R.
999 _c2916
_d2916